New York City Counties - Statistics

General Stats
  • This quiz has been taken 41 times
  • The average score is 4 of 5
Answer Stats
Answer % Correct
Bronx
91%
Queens
91%
Kings
77%
New York
60%
Richmond
49%
No matching quizzes found
Score Distribution
Percent of People with Each Score
Percentile by Number Answered
Your Score History
You have not taken this quiz